000 00993nam a2200301 i 4500
003 EG-GICUC
005 20260425142427.0
008 260425s1983 hu ||||fr|||| 00| 0 fre d
040 _aEG-GiCUC
_bfre
_cEG-GiCUC
_dEG-GiCUC
_eRda
041 _afre
082 0 4 _221
_a343.50439
_bAS.R
092 0 4 _221
099 _aLaw1 10 343.50439 AS.R 1983
110 _kAssociation Internationale De Droit Pénal
245 _aRapports Nationaux Hongrois Au XIII Congrès International De Droit Pénal /
_cAssociation Internationale De Droit Pénal .
264 _abudapest :
_b[indéfini],
_c1983 .
300 _a293 page ;
_c 24 cm.
336 _2rda contenu
_a texte
337 _2rda medias
_aOrdinateur
338 _2 transporteur rda
_a Ressource en ligne
546 _aTexte en français
650 1 _aDroit pénal
651 1 _2qrmak
700 1 _aBitto Márta
_eÉditeur
856 4 0 _uhttps://fll.law.cu.edu.eg/fulltext/bks/B10-11196.pdf
905 _a60
942 _2ddc
_cBK
_e21
_n0
999 _c73334
_d73334